Normal view
MARC view
Entry Topical Term
001 - CONTROL NUMBER
- control field: 249155
003 - CONTROL NUMBER IDENTIFIER
- control field: OSt
005 - DATE AND TIME OF LATEST TRANSACTION
- control field: 20251215141731.0
008 - FIXED-LENGTH DATA ELEMENTS
- fixed length control field: 251215|| aca||aabn | a|a d
040 ## - CATALOGING SOURCE
- Original cataloging agency: OSt
- Transcribing agency: OSt
150 ## - HEADING--TOPICAL TERM
- Topical term or geographic name entry element: Sanchi
670 ## - SOURCE DATA FOUND
- Source citation: Work cat.: (OSt)152693: RATNAMMA (K S) ರತ್ನಮ್ಮ (ಕೆ ಎಸ್) 249154, Sanchi honnammana hadibadeya dharma, 2007